000 00555nam a2200193Ia 4500
005 20250423101407.0
008 250422s9999 xx 000 0 und d
020 _a0471204552
050 _aHD 31 .C586/
100 _aCohen, Allan R.
245 4 _aThe portable MBA in management
250 _a2nd ed.
260 _aNew York
260 _bJ. Wiley
260 _cc200
300 _a402 p
650 _aIndustrial management. Personnel management. Teams in the workplace. Management_Employee participation. Electronic books. |2 lcsh
942 _cBK
999 _c36180
_d36180